Lyrics to "Franklin House" by Brenn! - Statistics

General Stats
  • This quiz has been taken 21 times
  • The average score is 293 of 366
Answer Stats
Answer % Correct
a
100%
I
100%
the
100%
The
100%
you
100%
You
100%
all
91%
All
91%
but
91%
But
91%
change
91%
could
91%
did
91%
for
91%
forever
91%
get
91%
got
91%
no
91%
out
91%
stories
91%
tell
91%
They
91%
this
91%
thought
91%
time
91%
to
91%
to?
91%
was
91%
words
91%
and
82%
And
82%
be
82%
bet
82%
better
82%
break
82%
couldn't
82%
Franklin
82%
Hell
82%
It
82%
it
82%
I've
82%
me
82%
mean
82%
means
82%
my
82%
never
82%
recover
82%
save
82%
send
82%
survive
82%
That
82%
that
82%
will
82%
alive
73%
at
73%
bullet
73%
by
73%
cause
73%
Cause
73%
cold
73%
driving
73%
drunk
73%
em
73%
fault
73%
give
73%
goes
73%
here
73%
hit
73%
home
73%
I'll
73%
know
73%
like
73%
Like
73%
mad
73%
needed
73%
not
73%
over
73%
saving
73%
strong
73%
thanks
73%
Thanksgiving
73%
they'll
73%
took
73%
use
73%
used
73%
when
73%
blame
64%
can't
64%
care
64%
closest
64%
comes
64%
don't
64%
Don't
64%
fine
64%
from
64%
gave
64%
grief
64%
have
64%
how
64%
if
64%
I'm
64%
is
64%
It's
64%
it's
64%
love
64%
Love
64%
man
64%
Now
64%
on
64%
stuck
64%
talk
64%
things
64%
walls
64%
weather
64%
were
64%
what's
64%
why
64%
with
64%
worst
64%
would
64%
young
64%
you're
64%
ache
55%
angry
55%
ask
55%
Blowing
55%
empty
55%
fight
55%
good
55%
had
55%
hide
55%
hopeless
55%
in
55%
night
55%
of
55%
off
55%
place
55%
reasons
55%
run
55%
sounds
55%
stars
55%
stayed
55%
still
55%
take
55%
balance
36%
covered
36%
pains
36%
promise
36%
Woah
36%
darling
27%
debt
27%
owe
27%
there's
27%
none
18%
No matching quizzes found
Score Distribution
Percent of People with Each Score
Percentile by Number Answered
Your Score History
You have not taken this quiz